Manual del folklore cuyano
Gardado en:
| Main Authors: | , |
|---|---|
| Formato: | Libro |
| Idioma: | Lingua castelá |
| Publicado: |
Buenos Aires
Ediciones Culturales Mendoza
1991
|
| Subjects: | |
| Tags: |
Engadir etiqueta
Sen Etiquetas, Sexa o primeiro en etiquetar este rexistro!
|
MARC
| LEADER | 00000nam a2200000 a 4500 | ||
|---|---|---|---|
| 001 | UCR8342 | ||
| 003 | CL-VaPUC | ||
| 008 | 980529e19910000AG |||||||||||||||||spa|d | ||
| 082 | 0 | 4 | |a 398.982 |b ROD |2 21 |
| 100 | 0 | |a Rodríguez, Alberto |e author |9 410003 | |
| 700 | 0 | |a Moreno de Macía, Elena |e author |9 410004 | |
| 245 | 1 | 0 | |a Manual del folklore cuyano |
| 300 | |a 165 p | ||
| 942 | |c BK | ||
| 945 | |d 19980529 00:00:00 |a mvenant | ||
| 260 | |a Buenos Aires |b Ediciones Culturales Mendoza |c 1991 | ||
| 650 | 7 | |a FOLKLORE |2 CL-VaPUC |9 268291 | |
| 650 | 0 | |a Poesía |9 265825 | |
| 650 | 0 | |a Música |9 306269 | |
| 650 | 7 | |a LEYENDAS |2 CL-VaPUC |9 265258 | |
| 650 | 0 | |a Cuentos |9 308079 | |
| 650 | 0 | |a Costumbres y tradiciones |9 268292 | |
| 650 | 0 | |a Canciones folklóricas |9 339091 | |
| 651 | 7 | |a CUYO |2 CL-VaPUC |9 309490 | |
| 651 | 0 | |a Argentina |9 254888 | |
| 583 | |a last modification |c 19980529 00:00:00 |k Rodrigo Vera | ||
| 999 | |c 269774 |d 269772 | ||
| 952 | |0 0 |1 0 |4 0 |6 398_982000000000000_ROD_1991 |7 0 |8 X |9 303761 |a FDOMLP |b FDOMLP |d 2019-11-20 |i 3425622 |o 398.982 ROD 1991 |p 3425622 |r 2019-11-20 |w 2019-11-20 |y BK_X |k BU2 | ||